[Event "Santiago Endesa Norm"]
[Site "Santiago de Chile"]
[Date "2009.10.09"]
[Round "9"]
[White "Cuevas Araya, Walter"]
[Black "Marin Munoz, Roque"]
[Result "1-0"]
[WhiteElo "2238"]
[BlackElo "2133"]
[PlyCount "77"]
[EventDate "2009.09.21"]
[EventType "tourn"]
[EventRounds "9"]
[EventCountry "CHI"]
[SourceTitle "EXT 2012"]
[Source "ChessBase"]
[SourceDate "2011.11.24"]
[SourceVersion "1"]
[SourceVersionDate "2011.11.24"]
[SourceQuality "1"]

1. d4 Nf6 2. c4 g6 3. Nc3 Bg7 4. e4 d6 5. f4 0-0 6. Nf3 c5 7. d5 b5 8. cxb5 a6 9. a4 e6 10. dxe6 Bxe6 11. Bd2 Re8 12. Be2 axb5 13. axb5 Rxa1 14. Qxa1 Nbd7 15. 0-0 Nb6 16. h3 Nfd7 17. Ng5 Bc4 18. Re1 Bxe2 19. Rxe2 h6 20. Nf3 Nc4 21. Be1 Na5 22. Qa2 c4 23. Nd5 Nb3 24. Qa4 Qc8 25. Bf2 f5 26. b6 fxe4 27. Nc7 Rf8 28. Qxc4+ Kh7 29. Rxe4 Nbc5 30. Bxc5 Nxc5 31. Re7 Qf5 32. Ne8 Rg8 33. b4 Qf8 34. Rxg7+ Rxg7 35. Nxg7 Kxg7 36. bxc5 dxc5 37. b7 Qd6 38. Qc3+ Kh7 39. Qe5 1-0

[Event "Santiago Endesa Norm"]
[Site "Santiago de Chile"]
[Date "2009.10.05"]
[Round "7"]
[White "Cortes Moyano, Julio"]
[Black "Marin Munoz, Roque"]
[Result "1-0"]
[WhiteElo "2177"]
[BlackElo "2133"]
[PlyCount "91"]
[EventDate "2009.09.21"]
[EventType "tourn"]
[EventRounds "9"]
[EventCountry "CHI"]
[SourceTitle "EXT 2012"]
[Source "ChessBase"]
[SourceDate "2011.11.24"]
[SourceVersion "1"]
[SourceVersionDate "2011.11.24"]
[SourceQuality "1"]

1. e4 c5 2. c3 d6 3. d4 Nf6 4. Bd3 Nc6 5. Ne2 e5 6. d5 Ne7 7. Nd2 Ng6 8. Bb5+ Bd7 9. Qa4 Be7 10. Nf3 0-0 11. Bxd7 Nxd7 12. Ng3 Nf4 13. 0-0 g6 14. Qc2 b5 15. Be3 c4 16. Qd2 Nd3 17. Bh6 Re8 18. Ne1 N7c5 19. b4 Na4 20. Nxd3 cxd3 21. Qxd3 Rc8 22. Qxb5 Nxc3 23. Qa6 Qd7 24. Rfc1 Nb5 25. Be3 f5 26. exf5 gxf5 27. Nxf5 Qxf5 28. Qxb5 Bg5 29. Bxg5 Qxg5 30. Rc6 Rcd8 31. Rxd6 Rxd6 32. Qxe8+ Kg7 33. h4 Qxh4 34. Qxe5+ Rf6 35. g3 Qxb4 36. Rc1 Kg6 37. Qe8+ Kg5 38. Qe3+ Kg6 39. Qd3+ Kh6 40. Kg2 Kg5 41. Rc4 Qb2 42. Qe3+ Kg6 43. Qe4+ Kg7 44. Rc7+ Rf7 45. Qg4+ Kf8 46. Rc8+ 1-0

[Event "Santiago Endesa Interempresas tt-A"]
[Site "Santiago de Chile"]
[Date "2009.09.15"]
[Round "9"]
[White "Marin Munoz, Roque"]
[Black "Perez Gormaz, Matias Ariel"]
[Result "1-0"]
[WhiteElo "2125"]
[BlackElo "1984"]
[PlyCount "67"]
[EventDate "2009.07.21"]
[EventType "team"]
[EventRounds "13"]
[EventCountry "CHI"]
[SourceTitle "EXT 2012"]
[Source "ChessBase"]
[SourceDate "2011.11.24"]
[SourceVersion "1"]
[SourceVersionDate "2011.11.24"]
[SourceQuality "1"]

1. d4 Nf6 2. c4 c5 3. d5 b5 4. cxb5 a6 5. bxa6 Bxa6 6. Nc3 d6 7. g3 g6 8. Bg2 Bg7 9. Nf3 Nbd7 10. Rb1 Qc7 11. 0-0 Nb6 12. b3 0-0 13. Bb2 Bb7 14. e4 Ng4 15. h3 Ne5 16. Nxe5 Bxe5 17. Nb5 Qd7 18. Bxe5 dxe5 19. a4 Ba6 20. Qe2 Bxb5 21. axb5 Ra5 22. b4 cxb4 23. Rxb4 Rfa8 24. Rc1 Qd6 25. Rb2 Ra1 26. Qd1 R1a5 27. Rc6 Qb8 28. Bf1 Ra4 29. Qc2 Rd4 30. Rb1 f5 31. Qc5 Nc8 32. b6 Nd6 33. b7 Nxb7 34. Qxe7 1-0

[Event "Santiago Endesa Interempresas tt-A"]
[Site "Santiago de Chile"]
[Date "2009.08.25"]
[Round "6"]
[White "Marin Munoz, Roque"]
[Black "Ulloa Grez, Luis Antonio"]
[Result "1-0"]
[WhiteElo "2125"]
[BlackElo "2098"]
[PlyCount "27"]
[EventDate "2009.07.21"]
[EventType "team"]
[EventRounds "13"]
[EventCountry "CHI"]
[SourceTitle "EXT 2012"]
[Source "ChessBase"]
[SourceDate "2011.11.24"]
[SourceVersion "1"]
[SourceVersionDate "2011.11.24"]
[SourceQuality "1"]

1. d4 d5 2. c4 dxc4 3. Nf3 e6 4. e3 c5 5. Bxc4 Nf6 6. 0-0 cxd4 7. exd4 Be7 8. Qe2 0-0 9. Rd1 b6 10. Nc3 Bb7 11. Bg5 Nd5 12. Bxd5 Bxd5 13. Bxe7 Bxf3 14. Qxf3 1-0